000 00789nam a22002297a 4500
005 20170124110243.0
010 _aA-953725
020 _c1200.00
_a81900019961
035 _aA-953725
037 _bCen Lib/Ret
040 _aDPL
_bEN
082 _a704.948
_bLOK
100 _aLokesh Chandra
_994535
245 _aCultural horizons of India :
_bby Lokesh Chandra
_cstudies in tantra and buddhism, art and archeology, language and literature /
260 _aNew Delhi
_bInternational Academy of Indian Culture
_c1997
270 _bNew Delhi
_aF-14/65, Model Town ll,
_e110009
300 _aviii,331p. :
_c26cm(Hb)
_bill.
500 _aincludes index
650 _aArcheology, indic
_996263
650 _aCulture -- India
_978280
942 _2ddc
_cEN
_h704.948
_mLOK
999 _c135328
_d135328